Statistiques concernant Chaîne de mots "Numérique"

Cliquez ici pour prendre le quiz!

Statistiques générales

  • Ce quiz a été pris 177 fois
  • Le résultat moyen est 34 sur 54

Statistiques - réponses

QuestionRéponse% Correct
Site obligatoire pour faire ce quizJetpunk
97%
Si ce n'est pas Qwerty c'est :Azerty
85%
On le reçoit sur notre boîte de messagerieE-mail
85%
Chrome et Earth font partis de cette familleGoogle
84%
Elle nous permet de cliquer sur ce que l'on veutSouris
84%
Snapchat, La Poste, Nikon ont cette couleur sur en commun sur le logo (dire en anglais)Yellow
83%
Plus gros qu'un téléphone mais moins qu'un ordi, elle est tactileTablette
82%
Les dossiers, les images etc sont comprimé dans cette cléUSB
82%
Pays regroupant la Silicon ValleyEtats-Unis
81%
De nos jours ils faut les accepter pour poursuivre notre rechercheCookies
80%
Bill Gates et Paul Allen l'ont fondéMicrosoft
80%
Chrome, Mozilla en sontNavigateur
80%
Les plus puissants ordinateurs d'Apple jamais créésMac
78%
le wifi, la 4GRéseau
78%
Traduction de fenêtre, une nouvelle version voit le jour tout les 2 ans environWindows
78%
Avast en est unAntivirus
76%
Logo fond vert avec 3 barres arrondies noiresSpotify
76%
Application musicale créée en 2005Youtube
76%
Sur Twitter on l'utilise devant un mot-cléHashtag
74%
Acer, Dell, Panasonic, Philips, Asus,Ordinateur
74%
Celui-ci est souvent URLLien
73%
Mot désignant les GoGiga Octet
70%
Cette adresse permet a notre périphérique de se connecter avec les autresIP
70%
Marque connue dans l'appareillage photoKodak
69%
Disque compact a mémoire mort en abréviation CD- _ _ _ROM
69%
Géant sud-coréenSamsung
69%
Application vous permettant de regarder film, documentaires voire plusNetflix
67%
Synonyme anglais d'un SMSTchat / Text
67%
Fonction d'imprimante ou verbe qu'on utilise pour ouvrir un QR CodeScanner
66%
Repris par X, on en fait un quand on veut publier ou republier derrière quelqu'unTweet
66%
Unité de base pour une bonne qualité d'imagePixel
63%
Abréviation désignant cette chose qui nous permet de nous connecter et que l'on doit pas perdreMDP
60%
Logiciel permettant de voir la Terre avec un assemblage de photographies aériennes ou satellitairesEarth
59%
Couleur du logo de Bureau NumériqueKaki
59%
Darty en possède un en cas de problèmeSAV
59%
Anciennement MSN, son logo est surtout bleu et blancSkype
59%
Youtube et Tiktok fonctionnent grâce a celaVidéo
58%
Cable pour chercher du réseau et pour jouer aux jeux vidéosHDMI
57%
Service de streaming vidéo créé en 2011Twitch
56%
On disait Internet, mais il manque toujours un mot juste aprèsExplorer
55%
Espace Numérique de Travail, les élèves en ont tous unENT
54%
L'autiste Asperger Alexander Graham Bell l'a créeTéléphone
54%
De discussion, on l'utilise pour avoir des conseils ou pour trouver de l'aideForum
52%
Nom anglais pour les grosses donnéesBig data
50%
80% des outils numériques en possède unEcran
46%
Marque FinlandaiseNokia
42%
Ficher qui permet de rendre professionnelPDF
41%
Pendant le Covid-19, les visio-conférences servaient a les faireInterview
35%
Windows, Linux ou OS X en sontSystème d'exploitation
34%
Cette marque de boisson dépense minimum 3000 euros pour passer a la téléOasis
27%
Chaque lien WWW produit se flux (en 3 lettres)RSS
27%
Entreprise chinoise fabricant d'outils numériquesLenovo
24%
Cette même Visio se fait avecWebcam
24%
Titre de Nekfeu, c'est une superposition d'une ressource numériqueRéalité Augmentée
12%

Distribution des résultats

Percentile par nombre de réponses

% des personnes avec chaque résultat

Votre développement - résultats

Vous n’avez pas pris ce quiz